003860000a22001450004500020001500000060000800015082002200023100002500045100001700070245003700087260004400124260000900168300000800177650005500185 a0805323910 a100 a574. 192 96 DIC aDickerson, Richard E aGeis, Irving aStructure and action of proteins aLondon, Benjamin/cummings publishing co c1969 a120 aBiochemistry/proteins/lysozyme/enzyme architecture